Un héros de notre temps

Saved in:
Bibliographic Details
Main Author: Mikhail Lermontov
Format: Book
Language:Undetermined
Published: Paris Diderot 1959
Subjects:
Tags: Add Tag
No Tags, Be the first to tag this record!
Institutions: Trung tâm Học liệu Trường Đại học Cần Thơ
LEADER 00468nam a2200181Ia 4500
001 CTU_16045
008 210402s9999 xx 000 0 und d
082 |a 891.7 
082 |b L616 
100 |a Mikhail Lermontov 
245 0 |a Un héros de notre temps 
245 0 |c Mikhail Lermontov 
260 |a Paris 
260 |b Diderot 
260 |c 1959 
650 |a russian literature 
904 |i Minh, 970429 
980 |a Trung tâm Học liệu Trường Đại học Cần Thơ